Documento firmado por el Virrey Francisco Fernández de la Cueva Henríquez (Record no. 4670)
[ view plain ]
| 000 -CABECERA | |
|---|---|
| campo de control de longitud fija | 01925nam a2200313 a 4500 |
| 001 - NÚMERO DE CONTROL | |
| campo de control | BRCA_4976 |
| 005 - FECHA Y HORA DE LA ÚLTIMA TRANSACCIÓN | |
| campo de control | 20190320204902.0 |
| 008 - DATOS DE LONGITUD FIJA--INFORMACIÓN GENERAL | |
| campo de control de longitud fija | 271010s1710----mx-######v---#000-0#spa-# |
| 041 ## - CÓDIGO DE LENGUA | |
| Código de lengua del texto/banda sonora o título independiente | spa |
| 044 ## - CÓDIGO DEL PAÍS DE LA ENTIDAD EDITORA/PRODUCTORA | |
| Código MARC del país | mx |
| 084 ## - OTRO NÚMERO DE CLASIFICACIÓN | |
| Número de clasificación | DOC63 |
| Número de documento/Ítem | .F45 |
| -- | 1710 |
| 100 1# - ENTRADA PRINCIPAL--NOMBRE DE PERSONA | |
| Nombre de persona | Fernández de la Cueva Henríquez, Francisco, |
| Títulos y otros términos asociados al nombre | Duque de Alburquerque, |
| Fechas asociadas al nombre | 1666-1724 |
| 9 (RLIN) | 12665 |
| 245 10 - MENCIÓN DE TÍTULO | |
| Título | Documento firmado por el Virrey Francisco Fernández de la Cueva Henríquez |
| Mención de responsabilidad, etc. | Francisco Fernández de la Cueva Henríquez. |
| 260 ## - PUBLICACIÓN, DISTRIBUCIÓN, ETC. | |
| Lugar de publicación, distribución, etc. | México |
| Fecha de publicación, distribución, etc. | 1710 |
| 300 ## - DESCRIPCIÓN FÍSICA | |
| Extensión | [4] fojas sueltas |
| Dimensiones | 30 x 21 cm. |
| 500 ## - NOTA GENERAL | |
| Nota general | Documento firmado el 22 de agosto de 1710. |
| 500 ## - NOTA GENERAL | |
| Nota general | Documento en el cual Don Francisco Fernández de la Cueva Henríquez, Duque de Albuquerque, en obedecimiento de las Reales Cédulas dadas en Madrid el 27 de mayo y 19 de noviembre de 1709 y con voto consultivo del Real Acuerdo mandada a los Jueces Oficiales de la Real Hacienda y Casa de la Ciudad de México, se recaude el alimento de los años que se expresan , en las personas que gozan sueldos y encomiendas exceptuando a los militares y se remitan a esta Real Caja a razón de un 10%. |
| 500 ## - NOTA GENERAL | |
| Nota general | Contiene dos sellos con el escudo de la casa de Borbòn y el lema: ´SELLO QUARTO. UN QUARTILLO. ANOS DE MIL SETECIENTOS Y DOS Y SETECIENTOS Y TRES´. |
| 500 ## - NOTA GENERAL | |
| Nota general | El documento contiene la leyenda DOC. #63. |
| 500 ## - NOTA GENERAL | |
| Nota general | Papel con marca de agua. |
| 500 ## - NOTA GENERAL | |
| Nota general | Estado de conservación: se encuentran parcialmente separadas las fojas. |
| 506 0# - NOTA DE RESTRICCIONES AL ACCESO | |
| Limitaciones de acceso | Fondo Reservado. Para su consulta es necesario credencial de usuario y carta de motivos. |
| 546 ## - NOTA DE LENGUA/LENGUAJE | |
| Nota de lengua/lenguaje | Texto en : español de principios del siglo XVIII |
| 600 14 - PUNTO DE ACCESO ADICIONAL DE MATERIA--NOMBRE DE PERSONA | |
| Nombre de persona | Fernández de la Cueva Henríquez, Francisco, |
| Títulos y otros términos asociados al nombre | Duque de Alburquerque, |
| Fechas asociadas al nombre | 1666-1724 |
| Subdivisión general | Historia |
| 9 (RLIN) | 12666 |
| 610 24 - PUNTO DE ACCESO ADICIONAL DE MATERIA--NOMBRE DE ENTIDAD CORPORATIVA | |
| Nombre de entidad corporativa o nombre de jurisdicción como elemento de entrada | Documentos legales |
| Subdivisión de forma | Impreso |
| Subdivisión general | Historia |
| 9 (RLIN) | 12667 |
| 651 #4 - PUNTO DE ACCESO ADICIONAL DE MATERIA--NOMBRE GEOGRÁFICO | |
| Nombre geográfico | México |
| Subdivisión de forma | Historia |
| Subdivisión cronológica | Colonia, 1521-1821 |
| 9 (RLIN) | 12668 |
| 902 ## - CATALOGADOR | |
| Iniciales | FDH |
| 942 ## - ELEMENTOS DE PUNTO DE ACCESO ADICIONAL (KOHA) | |
| Fuente del sistema de clasificación o colocación | Library of Congress Classification |
| Tipo de ítem Koha | Documentos |
| Estado de retiro | Estado de pérdida | Estado dañado | No para préstamo | Localización permanente | Ubicación/localización actual | Fecha de adquisición | Total de préstamos | Signatura topográfica completa | Código de barras | Fecha visto por última vez | Precio válido a partir de | Tipo de ítem Koha |
|---|---|---|---|---|---|---|---|---|---|---|---|---|
| El ejemplar forma parte de la colección y puede ser consultado según las políticas vigentes. | Biblioteca del Museo Franz Mayer (Rogerio Casas-Alatriste) | Biblioteca del Museo Franz Mayer (Rogerio Casas-Alatriste) | 27/10/2010 | DOC63 .F45 1710 | 5052 | 22/03/2019 | 22/03/2019 | Documentos |